000 00439nam a2200169Ia 4500
008 131103s9999 xx 000 0 und d
040 _aLoreto College
041 _aEnglish
082 _aF/DUM
_bLCBED/6540
100 _aMaurier, Daphne du
245 _aMy cousin Rachel
_cDaphne du Maurier
260 _aEngland
_bPenguin Books
_c1968
300 _a302p.
_c 18cm.
650 _aEnglish fiction
850 _aLCBED/F/DUM
942 _cBK
999 _c32754
_d83233